000 00595nam a2200181Ia 4500
008 090630s9999 xx 000 0 und d
082 _b3746
100 _aसाने गुरुजी.
245 _aअस्पृशोध्दार.
_cसाने गुरुजी.
260 _bकॉन्टीनेंटल.
300 _a40
600 _aसाने गुरुजी.
630 _aअस्पृशोध्दार.
655 _aनाटक.
700 _aसाने गुरुजी.
730 _aअस्पृशोध्दार.
942 _cBOOK
999 _c255602
_d255602